[Event "2nd IECC"]
[Site "Ohrid MKD"]
[Date "2001.06.14"]
[Round "13"]
[White "Kizov,A"]
[Black "Haznedaroglu,K"]
[Result "1/2-1/2"]
[WhiteElo "2368"]
[BlackElo "2358"]

1.d4 d5 2.c4 c6 3.Nf3 Nf6 4.Qc2 dxc4 5.Qxc4 Bf5 6.Nc3 e6 7.g3 Be7 8.Bg2 O-O
9.O-O Nbd7 10.e3 b5 11.Qe2 b4 12.Nb1 Rc8 13.Nbd2 c5 14.a3 bxa3 15.b3 cxd4
16.Nxd4 Ne5 17.Nxf5 exf5 18.Nc4 Nxc4 19.bxc4 Qa5 20.Bxa3 Bxa3 21.Qa2 Rfd8
22.Qxa3 Qxa3 23.Rxa3 Rxc4 24.Rxa7 Rc2 25.Rfa1 g6 26.Ra8 Rxa8 27.Rxa8+ Kg7
28.Bf3 Nd7 29.Kg2 Ne5 30.Rd8 h5  1/2-1/2

[Event "43rd Tch-POR"]
[Site "Barreiro POR"]
[Date "2001.06.16"]
[Round "3"]
[White "Fernandes,An"]
[Black "Morais,V"]
[Result "1-0"]
[WhiteElo "2465"]
[BlackElo "2128"]

1.d4 d5 2.c4 c6 3.Qc2 Nf6 4.Nf3 g6 5.Bf4 Bg7 6.e3 O-O 7.Nc3 e6 8.c5 b6 9.b4 bxc5
10.bxc5 Qa5 11.Bd3 Ne4 12.Rc1 Na6 13.Qa4 Qxa4 14.Nxa4 Nb4 15.Bb1 Ba6 16.Nd2 Nd3+
17.Bxd3 Bxd3 18.Nb2 Ba6 19.Nxe4 dxe4 20.Nc4 f6 21.Bd6 Rf7 22.Na5 Rc8 23.Rb1 Bf8
24.Bxf8 Kxf8 25.Kd2 f5 26.Kc3 Rd7 27.Rb4 Ke7 28.Rhb1 Kf6 29.Rb8 Rcc7 30.Rf8+ Rf7
31.Rbb8 h5 32.h4 Rxf8 33.Rxf8+ Ke7 34.Rg8 Kf7 35.Rh8 Kf6 36.Rf8+ Ke7 37.Ra8 Bc8
38.Rxa7 Kd7 39.Rxc7+ Kxc7 40.Nc4 Bd7 41.Kb4 Be8 42.Nd6 Bd7 43.Ka5  1-0

[Event "TSGM"]
[Site "Belgrade YUG"]
[Date "2001.06.22"]
[Round "7"]
[White "Simic,R"]
[Black "Weinzettl,E"]
[Result "1/2-1/2"]
[WhiteElo "2429"]
[BlackElo "2422"]

1.Nf3 d5 2.d4 c6 3.c4 Nf6 4.Qc2 g6 5.Bf4 Bg7 6.e3 O-O 7.Nc3 a6 8.Bd3 b5 9.b3 bxc4
10.bxc4 c5 11.O-O Nc6 12.dxc5 Nb4 13.Qb1 Nxd3 14.Qxd3 Bf5 15.Qe2 dxc4 16.e4 Bg4
17.Qxc4 Bxf3 18.gxf3 Qa5 19.Rac1 Nh5 20.Bg3 e6 21.Ne2 Rfc8 22.Nf4 Nxg3 23.hxg3 Bh6
24.Rc2 Bxf4 25.gxf4 Rc6 26.Rfc1 Qc7 27.e5 Rd8 28.Kg2 Rd5 29.Qb4 Kg7 30.Rc4 h6
31.Qc3 Qe7 32.Qe3 Kh7 33.Kg3 Qc7 34.Kg2 Qd8 35.Kg3  1/2-1/2

[Event "Hotel Lippa GM"]
[Site "Szentgotthard HUN"]
[Date "2001.06.23"]
[Round "11"]
[White "Farago,I"]
[Black "Varga,Zo"]
[Result "1/2-1/2"]
[WhiteElo "2485"]
[BlackElo "2503"]

1.d4 d5 2.c4 c6 3.Nf3 Nf6 4.Qb3 dxc4 5.Qxc4 Bf5 6.Nc3 e6 7.g3 Be7 8.Bg2 Nbd7
9.O-O O-O 10.e3 Ne4 11.Rd1 Rc8 12.Qb3 Qc7 13.Ne1 Nxc3 14.bxc3 e5 15.e4 Bg4
16.Nf3 Rfd8 17.Ng5 Bh5 18.Bf3 Bg6 19.Rb1 exd4 20.cxd4 Nb6 21.a4 h6 22.Nh3 Rb8
23.Nf4 Bh7 24.Be3 Bd6 25.d5 cxd5 26.Bxb6 Qxb6 27.Qxb6 axb6 28.Nxd5 Bc5 29.h4 Kf8
30.Kg2 Ra8 31.Ra1 Ra5 32.Nf6 Rxd1 33.Nxh7+ Kg8 34.Nf6+ gxf6 35.Bxd1 b5 36.Bb3 bxa4
37.Rxa4 Rxa4 38.Bxa4  1/2-1/2

[Event "Open"]
[Site "Batumi GEO"]
[Date "2001.06.29"]
[Round "4"]
[White "Goguadze,M"]
[Black "Datuashvili,N"]
[Result "0-1"]
[WhiteElo "2188"]
[BlackElo "2291"]

1.d4 d5 2.c4 c6 3.Nf3 Nf6 4.Qc2 Bg4 5.cxd5 cxd5 6.Ne5 Bh5 7.e3 Nbd7 8.Nc3 e6
9.Bd2 Nxe5 10.dxe5 Nd7 11.e4 Bg6 12.Qa4 dxe4 13.Rd1 a6 14.Bg5 b5 15.Rxd7 bxa4
16.Rxd8+ Rxd8 17.Bxd8 Kxd8 18.Bxa6 a3 19.O-O axb2 20.Rb1 e3 21.Rxb2 exf2+
22.Kf1 f6 23.Bc4 fxe5 24.Rb5 Bd6 25.Kxf2 Ke7 26.Rb7+ Kf6 27.Bb3 e4 28.Rb5 Rc8
29.Ne2 Bc5+ 30.Kf1 e3 31.Nf4 Be8 32.Ra5 Bb4 33.Nh5+ Ke7 34.Re5 Rc1+ 35.Ke2 Bd7
36.Rxe3 Bc5 37.Rg3 g6 38.Nf4 Bd6 39.Rf3 Rc5 40.Nd3 Rh5 41.h3 Ra5 42.Re3 g5
43.Nb2 Bf4 44.Re4 e5 45.Rb4 Bc6 46.Kf2 e4 47.Nc4 Rf5 48.Ne3 Rf8 49.Ke2 Rd8
50.Nf5+ Kf6 51.Nd4 Ba8 52.Bc2 Ke5 53.Nb3 h5 54.Rb5+ Rd5 55.Rb4 Rd6 56.Rb5+ Rd5
57.Rb4 Rd8 58.a4 h4 59.a5 e3 60.Rb5+ Rd5 61.Rb8 Bc6 62.a6 Rd7 63.Re8+ Kf6
64.Rf8+ Kg7 65.Re8 Bb5+ 66.Kf3 Bc6+ 67.Ke2 Bxg2 68.Be4 Bxh3 69.Rc8 Be6 70.Bb7 Bg4+
71.Bf3 Bf5 72.Nd4 Rxd4 73.a7 Bd3+ 74.Ke1 Bg3+ 75.Kd1 e2+ 76.Bxe2 Be4+ 77.Kc1 Ra4
78.Re8 Bg2 79.Re7+ Kf6 80.Rh7 h3  0-1

[Event "Sub-zt 2.3.2"]
[Site "Managua NCA"]
[Date "2001.07.01"]
[Round "2"]
[White "Guevara,C"]
[Black "Leyva,H"]
[Result "0-1"]
[WhiteElo "2126"]
[BlackElo "2428"]

1.d4 d5 2.Nf3 c6 3.c4 dxc4 4.a4 e6 5.e3 b5 6.b3 Bb4+ 7.Bd2 Bxd2+ 8.Nfxd2 cxb3
9.axb5 b2 10.Ra2 Ne7 11.Qb3 cxb5 12.Bxb5+ Nbc6 13.Rxb2 O-O 14.O-O Rb8 15.Qc2 a5
16.Bxc6 Rxb2 17.Qxb2 Nxc6 18.Nc3 Ba6 19.Ra1 Qc7 20.Nde4 Rb8 21.Qa3 h6 22.h3 Qb6
23.Qd6 Rd8 24.Qa3 Rb8 25.Nc5 Bc8 26.N3e4 Qd8 27.Qa4 Rb6 28.Rc1 Bd7 29.Nxd7 Qxd7
30.Rc5 Qb7 31.Nc3 Kh8 32.e4 Kh7 33.d5 Ne5 34.Rxa5 exd5 35.exd5 Rg6 36.Qb5 Qc7
37.Qc5 Nf3+ 38.Kf1 Nd2+ 39.Ke2 Qf4 40.Ra4 Qg5 41.Qe3 Nb1 42.Qxg5 Nxc3+ 43.Kd3 Rxg5
44.Kxc3 Rxd5 45.Rd4 Rg5 46.Rg4 Rxg4 47.hxg4 Kg6 48.f3 f5 49.gxf5+ Kxf5 50.Kd3 Kf4
51.Ke2 Kg3 52.Kf1 h5 53.Kg1 h4 54.Kf1 h3 55.gxh3 Kxf3 56.Kg1 Kg3 57.h4 Kxh4
58.Kh2  0-1

[Event "1st Asean Open"]
[Site "Bandar Seri Begawan BRU"]
[Date "2001.07.04"]
[Round "9"]
[White "Ginting,N"]
[Black "Villamayor,B"]
[Result "1/2-1/2"]
[WhiteElo "2395"]
[BlackElo "2560"]

1.Nf3 Nf6 2.c4 c6 3.d4 d5 4.Qc2 dxc4 5.Qxc4 Bf5 6.g3 e6 7.Nc3 Nbd7 8.Bg2 Be7
9.O-O O-O 10.e3 Ne4 11.Nd2 Nxd2 12.Bxd2 e5 13.dxe5 Nxe5 14.Qf4 Bg5 15.Qxe5 Bf6
16.Qc5 Qxd2 17.Ne4 Bxe4 18.Bxe4 Rae8 19.Qf5 g6 20.Qxf6 Rxe4 21.Rfd1 Qb4 22.Rd7 Re6
23.Qc3 Qb6 24.Qb3 Rb8 25.Qxb6 axb6 26.Rad1 b5 27.Rc7 b6 28.Rdd7 Rf6 29.a3 c5
30.Kf1 Re8 31.Re7 Kf8 32.Rxe8+ Kxe8 33.Ke2 g5 34.h3 c4 35.Rb7 Rd6 36.e4 Rd3
37.Rxb6 Rb3 38.e5 Kd7 39.f4 Rxb2+ 40.Kd1 Rb3 41.f5 Rd3+ 42.Kc2 Rd5 43.e6+ fxe6
44.fxe6+ Ke7 45.Rb7+ Kxe6 46.Rxh7 Rd3 47.Rb7 Rb3 48.h4 gxh4 49.gxh4 Kd6 50.h5 Kc6
51.Ra7 Kb6 52.Ra8 Rh3 53.Rb8+ Kc6 54.a4 bxa4 55.Rb4 Kc5 56.Rxa4 Kd4 57.Ra5 Ke3
58.Kd1 Rh2 59.Kc1 Ra2 60.Kb1 Rh2  1/2-1/2

[Event "EuChJun Girls"]
[Site "Patras GRE"]
[Date "2001.07.18"]
[Round "3"]
[White "Javakhishvili,L"]
[Black "Matras,A"]
[Result "1-0"]
[WhiteElo "2293"]
[BlackElo "2218"]

1.d4 d5 2.c4 c6 3.Nf3 Nf6 4.Qc2 dxc4 5.Qxc4 Bf5 6.Nc3 e6 7.g3 Nbd7 8.Bg2 Be7
9.O-O O-O 10.Qb3 Qb6 11.Nd2 Rfd8 12.Nc4 Qxb3 13.axb3 Nb6 14.Na5 Rd7 15.e4 Bg6
16.Be3 Bb4 17.f3 Ne8 18.Rfd1 Rad8 19.Nc4 Nxc4 20.bxc4 Nd6 21.Bf1 Nc8 22.Be2 f6
23.Na2 Ba5 24.b4 Bb6 25.c5 Bc7 26.b5 e5 27.d5 cxd5 28.exd5 Bf7 29.Nb4 Kh8
30.c6 bxc6 31.bxc6 Re7 32.Bc5 Bd6 33.Bxd6 Rxd6 34.Ra5 Rd8 35.Rc5 Nd6 36.c7 Rc8
37.Na6 h6 38.Rb1 Ree8 39.g4 Re7 40.Rc6 Rd7 41.Rb8 Kh7 42.Rxd6 Rcxc7 43.Rc6 Rb7
44.Rxb7 Rxb7 45.d6 Rd7 46.Nc5 Rd8 47.d7  1-0

[Event "16th Maccabia GM"]
[Site "Tel Aviv ISR"]
[Date "2001.07.18"]
[Round "4"]
[White "Kaspi,A"]
[Black "Bykhovsky,Av"]
[Result "1/2-1/2"]
[WhiteElo "2446"]
[BlackElo "2443"]

1.d4 d5 2.c4 c6 3.Nf3 Nf6 4.Qb3 e6 5.g3 Bd6 6.Nc3 Nbd7 7.Bf4 Bxf4 8.gxf4 dxc4
9.Qxc4 Nb6 10.Qb3 Nbd5 11.e3 O-O 12.Bg2 b6 13.O-O Bb7 14.Rfc1 Rc8 15.Qa3 a5
16.Nxd5 cxd5 17.Ne5 Nd7 18.Rxc8 Qxc8 19.b4 Nxe5 20.fxe5 Qa8 21.b5 Qd8 22.Rc1 Qd7
23.Bf1 Rc8 24.Rxc8+ Bxc8 25.Qc3 Bb7 26.Bd3 g6 27.Kf1 Qe7 28.Ke2 Kf8 29.Kd2 Ke8
30.Kc1 Kd8 31.Kb2 Qh4 32.Bc2 Qe7 33.f3 Qh4 34.Qd2 Kd7 35.Qe2 Kc8 36.Qd3 Qe7
37.Qc3+ Kd8 38.e4 h5 39.Qd2 Qd7 40.a4 Qe7 41.Ka2 Ke8 42.Qh6  1/2-1/2

[Event "Masters"]
[Site "Monmouth WLS"]
[Date "2001.07.19"]
[Round "8"]
[White "Nosenko,A"]
[Black "Duncan,C"]
[Result "1/2-1/2"]
[WhiteElo "2436"]
[BlackElo "2291"]

1.d4 d5 2.c4 dxc4 3.Nf3 c6 4.Nc3 Nf6 5.a4 c5 6.e4 cxd4 7.Qxd4 Qxd4 8.Nxd4 e5
9.Ndb5 Na6 10.Bxc4 Bc5 11.Bg5 Be6 12.Bxe6  1/2-1/2

[Event "Heart of Finland Open"]
[Site "Jyvaskyla FIN"]
[Date "2001.07.22"]
[Round "9"]
[White "Novik,M"]
[Black "Ernst,T"]
[Result "1/2-1/2"]
[WhiteElo "2457"]
[BlackElo "2435"]

1.Nf3 Nf6 2.c4 c6 3.d4 d5 4.Qc2 g6 5.Bf4 Bf5 6.Qb3 Qb6 7.c5 Qxb3 8.axb3 Bxb1
9.Rxb1 Nbd7 10.h3 Bg7 11.e3 Ne4 12.b4 a6 13.Bd3 O-O 14.Bxe4 dxe4 15.Nd2 e5
16.dxe5 Bxe5 17.Bxe5 Nxe5 18.Nxe4 Nd3+ 19.Ke2 Nxb4 20.Rhd1 Rfd8 21.Rxd8+ Rxd8
22.Rd1 Rxd1 23.Kxd1 Kf8 24.Kd2 Ke7 25.Kc3 Nd5+ 26.Kd4 f6 27.Nd2 Nc7 28.Nb3 Ne6+
29.Kc4 Kd7 30.Nd4 Ng5 31.f3 Nf7 32.b4 Ne5+ 33.Kc3 Ke7 34.Nb3 Kd7 35.Na5 Kc7
36.Nc4 Nf7 37.e4 Kd7 38.Kd4 Nd8 39.f4 Ne6+ 40.Ke3 Ke7 41.Na5 Nd8 42.g4 Kd7
43.h4 Kc7 44.Nc4 Kd7 45.f5 Nf7 46.fxg6 hxg6 47.h5 g5 48.Kf3 Ke7 49.Kg3 Kf8
50.Kf3 Ke7 51.e5 fxe5 52.Nd6 Nh6 53.Ne4 Nf7 54.Nd6 Nh6 55.Nxb7 Ke6 56.Nd6 Kd5
57.Nf5 e4+ 58.Kg3 Nxf5+ 59.gxf5 Ke5 60.h6 Kf6 61.Kg4 Kf7 62.Kg3 Kf6 63.Kg4 Kf7
64.Kg3  1/2-1/2

[Event "ch-Paris Open"]
[Site "Paris FRA"]
[Date "2001.07.23"]
[Round "3"]
[White "Leroy,A"]
[Black "Van de Oudeweetering,A"]
[Result "0-1"]
[WhiteElo "2238"]
[BlackElo "2409"]

1.Nf3 d5 2.d4 Nf6 3.c4 c6 4.Qc2 dxc4 5.Qxc4 Bf5 6.Nc3 Nbd7 7.Bg5 Ne4 8.Qd3 Qa5
9.Nh4 Bg6 10.Nxg6 hxg6 11.Bf4 Nxc3 12.Qxc3 Qb6 13.e4 e5 14.Bd2 exd4 15.Qc2 Bb4
16.O-O-O Bxd2+ 17.Rxd2 Ne5 18.Qd1 d3 19.Bxd3 Nxd3+ 20.Rxd3 Qxf2 21.Qg4 Qc5+
22.Kb1 Kf8 23.Rf1 Kg8 24.Qd7 Rf8 25.h3 Rh4 26.Qxb7 Rxe4 27.Rdf3 Re7 28.Qb3 Qd5
29.Qxd5 cxd5 30.Rd3 Rd8 31.Rfd1 Re5 32.b4 f5 33.Rc1 Rd7 34.Rc5 Kf7 35.Ra5 Kf6
36.Rda3 Ree7 37.Kc2 Re2+ 38.Kd3 Rxg2 39.Rxa7 Rd8 40.R3a6+ Ke5 41.Re7+ Kf4
42.Rxg7 Rh8 43.b5 Rxh3+ 44.Kd4 Rd2+ 45.Kc5 Rc3+ 46.Kd6 Rb2 47.Rc6 d4 48.b6 Rxa2
49.Rxg6 Rxc6+ 50.Kxc6 Rc2+ 51.Kd5 d3 52.Rg1 d2 53.b7 Rb2 54.Kd4 Rxb7 55.Rf1+ Kg3
56.Ke3 d1=Q 57.Rxd1 Re7+  0-1

[Event "16th Maccabia IM"]
[Site "Tel Aviv ISR"]
[Date "2001.07.23"]
[Round "9"]
[White "Porat,D"]
[Black "Erenburg,S"]
[Result "0-1"]
[WhiteElo "2145"]
[BlackElo "2419"]

1.d4 d5 2.c4 c6 3.Nf3 dxc4 4.e3 Be6 5.Nbd2 b5 6.a4 a6 7.axb5 cxb5 8.b3 c3
9.Ne4 Nd7 10.Nxc3 Bg4 11.Be2 e6 12.O-O Ngf6 13.h3 Bh5 14.Ne5 Bxe2 15.Qxe2 Bd6
16.Nxd7 Nxd7 17.d5 exd5 18.Nxd5 O-O 19.Bb2 Be5 20.Rfd1 Bxb2 21.Qxb2 Nc5 22.Rac1 Nd7
23.Rc6 Qg5 24.Rd4 Ne5 25.f4 Nf3+ 26.Kf2 Nxd4 27.fxg5 Nxc6 28.Qc3 Nd8 29.h4 Ne6
30.Qe5 Rae8 31.h5 f6 32.gxf6 gxf6 33.Qf5 Ng5 34.Kg1 Ne4 35.h6 Rf7 36.Qg4+ Kf8
37.Nb6 f5 38.Qf4 Rd8 39.Qe5 Rd1+ 40.Kh2 Rf6 41.Qb8+ Kf7 42.Qc7+ Kg6 43.Nd7 Rxd7
44.Qxd7 Kxh6 45.g4 f4 46.g5+ Nxg5 47.exf4 Nf7 48.Kg3 Nd6 49.Kf3 Kg6 50.Ke3 h5
51.Qd8 Kf7 52.Kf3 Nf5 53.Qd7+ Ne7 54.Kg3 Rd6 55.Qb7 Kf6 56.Qe4 Nf5+ 57.Kf2 Re6
58.Qa8 Ng7 59.Qh8 Kg6 60.Qg8 Rf6 61.Kf3 Rf5 62.b4 Rf7 63.Qa8 Rf6 64.Qg8 Kh6
65.Qh8+ Kg6 66.Qg8 h4 67.Kg4 h3 68.Kxh3 Rxf4  0-1

[Event "Czech Open"]
[Site "Pardubice CZE"]
[Date "2001.07.24"]
[Round "5"]
[White "Konopka,M"]
[Black "Tokmachev,M"]
[Result "1-0"]
[WhiteElo "2479"]
[BlackElo "2313"]

1.Nf3 d5 2.d4 c6 3.c4 Nf6 4.Qb3 dxc4 5.Qxc4 Bf5 6.g3 Nbd7 7.Nc3 e6 8.Bg2 Be7
9.O-O O-O 10.e3 h6 11.Qe2 Ne4 12.Nd2 Nxd2 13.Bxd2 Bg6 14.Rad1 Qb6 15.e4 c5
16.Be3 Rac8 17.d5 Nf6 18.e5 Nxd5 19.Nxd5 exd5 20.Bxd5 Rcd8 21.g4 Kh7 22.f4 f5
23.h3 Bf7 24.Bxf7 Rxf7 25.Rxd8 Bxd8 26.Qd3 c4 27.Qd4 Qxd4 28.Bxd4 b6 29.Be3 g6
30.Rd1 Bc7 31.a4 a6 32.gxf5 Rxf5 33.Kf2 Kg8 34.Rd4 b5 35.axb5 Bb6 36.bxa6 Bxd4
37.Bxd4 Rf8 38.a7 Kf7 39.Bb6 Ra8 40.Ke3 Ke6 41.Kd4 Kd7 42.Kd5  1-0

[Event "Czech Open"]
[Site "Pardubice CZE"]
[Date "2001.07.25"]
[Round "6"]
[White "Vavrak,P"]
[Black "Jaracz,P"]
[Result "1/2-1/2"]
[WhiteElo "2286"]
[BlackElo "2521"]

1.Nf3 d5 2.d4 Nf6 3.c4 c6 4.Qb3 dxc4 5.Qxc4 Bf5 6.g3 e6 7.Bg2 Nbd7 8.O-O Be7
9.Nc3 O-O 10.Re1 Ne4 11.Nxe4 Bxe4 12.Rd1 Nb6 13.Qb3 Qd5 14.Qxd5 cxd5 15.b3 Rfc8
16.Ne1 Bb4 17.Bd2 Bc3 18.Bxc3 Rxc3 19.Rac1 Rac8 20.Rxc3 Rxc3 21.Bxe4 dxe4
22.Rd2 Nd5 23.Nc2 b5 24.Kf1 h5 25.Ke1 a6 26.Kd1 h4 27.gxh4 Rh3 28.Ne3 Rxh4
29.Nf1 Nc3+ 30.Ke1 b4 31.Rc2 Rh5 32.a3 a5 33.Rc1 Rd5 34.e3 e5 35.dxe5 Rxe5
36.axb4 axb4 37.Ra1 Kh7 38.Ra7 f6 39.Rb7 Ra5 40.f3 Ra2 41.Ng3 exf3 42.Rxb4 Rxh2
43.Rf4 Rb2 44.Rxf3 Rxb3 45.Kd2 Nd5 46.Nf5 Nc7 47.Rh3+ Kg8 48.Nd4 Ra3 49.Rh5 Ra6
50.Rc5 Ne8 51.Rc6 Ra7 52.Ke2 Rd7 53.Kf3 Nd6 54.Ne6 Ne8 55.Nc5 Rd1 56.Ne6 Rd7
57.Nc5 Ra7 58.Rb6 Ra8 59.e4 Rc8 60.Ne6 Kf7 61.Nd4 Rc7 62.Kf4 Rd7 63.Nf3 Nc7
64.Kg4 Re7 65.e5 fxe5 66.Kf5 Nd5 67.Ng5+ Ke8 68.Re6 Nf6 69.Rxe7+ Kxe7 70.Kxe5 g6
71.Nf3 Nd7+ 72.Ke4 Kf6 73.Nh4 g5 74.Nf3 g4 75.Nh2 g3 76.Kf3 gxh2 77.Kg2  1/2-1/2

[Event "EuChJun Girls"]
[Site "Patras GRE"]
[Date "2001.07.25"]
[Round "9"]
[White "Javakhishvili,L"]
[Black "Makka,I"]
[Result "1-0"]
[WhiteElo "2293"]
[BlackElo "2123"]

1.d4 d5 2.c4 c6 3.Nf3 Nf6 4.Qc2 dxc4 5.Qxc4 Bf5 6.g3 e6 7.Bg2 Nbd7 8.O-O Nb6
9.Qb3 Qd5 10.Nbd2 Be7 11.a4 Ne4 12.a5 Qxb3 13.Nxb3 Nd7 14.a6 b6 15.Ne5 Nxe5
16.dxe5 Rc8 17.Be3 h5 18.Rfc1 f6 19.Rc4 Ng5 20.Rxc6 Rxc6 21.Bxc6+ Kf7 22.Nd4 Be4
23.Bxg5 Bxc6 24.Nxc6 fxg5 25.Nxa7 Ra8 26.Nb5 Bc5 27.a7  1-0

[Event "Czech Open"]
[Site "Pardubice CZE"]
[Date "2001.07.28"]
[Round "9"]
[White "Hedman,E"]
[Black "Zurek,M"]
[Result "0-1"]
[WhiteElo "2354"]
[BlackElo "2443"]

1.Nf3 d5 2.d4 c6 3.c4 dxc4 4.e3 Be6 5.Qc2 Nf6 6.Bxc4 Bxc4 7.Qxc4 e6 8.O-O Qd5
9.Nbd2 Nbd7 10.b3 a5 11.Bb2 Bb4 12.Rfd1 O-O 13.h3 Rfd8 14.Rac1 h6 15.Qc2 Bxd2
16.Nxd2 a4 17.Nb1 axb3 18.axb3 Qe4 19.Qe2 Qg6 20.Na3 Ra5 21.b4 Rh5 22.Qc2 Qxc2
23.Rxc2 Nb6 24.Rc5 Rhd5 25.Ra5 R5d7 26.Rc1 Rd5 27.Ra7 Rb8 28.f3 Rd7 29.e4 Nh5
30.b5 Nf4 31.Rc2 g5 32.h4 Nd3 33.hxg5 hxg5 34.bxc6 bxc6 35.Rxd7 Nxd7 36.Nc4 Kh7
37.Ba3 Kg6 38.Bd6 Rb1+ 39.Kh2 Ne1 40.Rc3 Rd1 41.Bg3 Nd3 42.Ne3 Rd2 43.Rxc6 Nf4
44.Bxf4 gxf4 45.Nd5 Kg5 46.Rd6 Nf8 47.Nc3 Rc2 48.Rc6 Ng6 49.Rc5+ Kh6 50.Kh3 f6
51.Nb5 Rd2 52.g3 Rf2 53.Rc3 Rd2 54.Rc6 Rf2 55.Rxe6 Rxf3 56.Rxf6 Rxg3+ 57.Kh2 Kg5
58.Rf7 Kg4 59.Rh7 Kf3 60.Rh3 Kf2 61.Nc3 Rg2+ 62.Kh1 f3 63.Nd1+ Ke2 64.Nc3+ Ke3
65.Nd5+ Kxe4 66.Nf6+ Ke3 67.Ng4+ Rxg4  0-1

[Event "Pre-Continental g/25,10"]
[Site "Sao Paulo BRA"]
[Date "2001.07.28"]
[Round "1"]
[White "Lima,Da"]
[Black "Matsuura,E"]
[Result "1-0"]
[WhiteElo "2543"]
[BlackElo "2437"]

1.d4 d5 2.Nf3 Nf6 3.c4 c6 4.Nbd2 e6 5.g3 Ne4 6.Bg2 f5 7.O-O Bd6 8.Nxe4 fxe4
9.Ne1 O-O 10.f3 exf3 11.Nxf3 Nd7 12.Qc2 Nf6 13.Bg5 Bd7 14.e4 dxe4 15.Nd2 e3
16.Ne4 Be7 17.Bxe3 Be8 18.Bh3 Bg6 19.Bxe6+ Kh8 20.Bf5 Bxf5 21.Rxf5 Nxe4 22.Rxf8+ Qxf8
23.Qxe4 Bf6 24.Bf2 Re8 25.Qc2 Qd6 26.Rd1 h6 27.b3 b6 28.d5 cxd5 29.cxd5 Rd8
30.a4 Be5 31.Qe4 Qf6 32.Bd4 Bxd4+ 33.Qxd4 Qxd4+ 34.Rxd4 Kg8 35.Kf2 Kf7 36.Ke3 Ke7
37.Re4+ Kd7 38.Re6 Rc8 39.Kd4 Rc2 40.Rg6 Rxh2 41.Rxg7+ Kd6 42.Rg6+ Kd7 43.Kc4 Rc2+
44.Kd3 Rg2 45.g4 Kc7 46.b4 Rg3+ 47.Kc4 Rg1 48.Kb5 Rd1 49.Rg7+ Kb8 50.Kc6 Rc1+
51.Kd6 Rc4 52.a5 bxa5 53.bxa5 Ra4 54.Kc6 Rc4+ 55.Kb5 Rd4 56.Kc5 Ra4 57.d6 Rxa5+
58.Kc6 Ra6+ 59.Kd5 Ra1 60.Rg8+ Kb7 61.d7 Rd1+ 62.Ke6  1-0

[Event "GM"]
[Site "Hasselbacken SWE"]
[Date "2001.07.30"]
[Round "3"]
[White "Grabarczyk,M"]
[Black "Barkhagen,J"]
[Result "0-1"]
[WhiteElo "2499"]
[BlackElo "2456"]

1.d4 d5 2.c4 c6 3.Nf3 Nf6 4.Qc2 dxc4 5.Qxc4 Bf5 6.g3 e6 7.Bg2 Nbd7 8.O-O Be7
9.Nc3 O-O 10.Re1 Ne4 11.Qb3 Qb6 12.Nh4 Qxb3 13.axb3 Bb4 14.Nxf5 exf5 15.Bxe4 fxe4
16.Bd2 Rfe8 17.Nxe4 Rxe4 18.Bxb4 Rxd4 19.Bc3 Rd6 20.Red1 Rxd1+ 21.Rxd1 Nf8
22.e4 Ne6 23.Rd7 Nc5 24.Re7 Kf8 25.Rc7 Nxe4 26.Rxb7 Nxc3 27.bxc3 a5 28.Kg2 a4
29.bxa4 Rxa4 30.Rb3 Ke7 31.Kf3 Ra7 32.Ke3 Kd6 33.Rb4 Re7+ 34.Kd3 h5 35.Rf4 g6
36.Rf6+ Kc5 37.h4 Kd5 38.Kd2 c5 39.Kd3 c4+ 40.Kd2 Ke5 41.Rf4 Kd5 42.Rf6 Ke5
43.Rc6 Kd5 44.Rc8 Ra7 45.Rd8+ Kc5 46.Rf8 Re7 47.f3 Kd5 48.Ra8 Kc5 49.Ra5+ Kb6
50.Rd5 Kc6 51.Rd4 Kc5 52.g4 Re5 53.Rf4 f5 54.gxh5 gxh5 55.Kc1 Rd5 56.Kb2 Re5
57.Ka3 Rd5 58.Ka4 Re5 59.Ka5 Rd5 60.Ka6 Re5 61.Kb7 Rd5 62.Kc7 Kb5 63.Kb7 Rd7+
64.Kc8 Rd3 65.Rxf5+ Ka4 66.Rxh5 Rxf3 67.Rc5 Kb3 68.h5 Rh3 69.Ra5 Rh1 70.Kd7 Kxc3
71.Kc6 Rh4 72.Rc5 Kb3 73.Rb5+ Kc2 74.Kd7 c3 75.Ke6 Kd3 76.Rd5+ Kc4 77.Kd6 c2
78.Rc5+ Kd3 79.Rd5+ Rd4  0-1

[Event "1st Asean Open"]
[Site "Bandar Seri Begawan BRU"]
[Date "2001.07.31"]
[Round "3"]
[White "Ginting,N"]
[Black "Nay Oo Kyaw Tun"]
[Result "1/2-1/2"]
[WhiteElo "2395"]
[BlackElo "2515"]

1.Nf3 d5 2.d4 Nf6 3.c4 c6 4.Qc2 g6 5.Bf4 dxc4 6.Qxc4 Bg7 7.Nc3 O-O 8.e4 Nbd7
9.h3 Qa5 10.b4 Qd8 11.Rd1 Ne8 12.Qb3 Nb6 13.b5 Be6 14.Qb4 cxb5 15.d5 Bd7
16.Nxb5 Rc8 17.Be5 Bxe5 18.Nxe5 Bxb5 19.Bxb5 Qd6 20.Qd4 Qc5 21.Bxe8 Rfxe8
22.O-O Qxd4 23.Rxd4 Rc2 24.Ra1 Rec8 25.d6 exd6 26.Rxd6 Re8 27.Nxg6  1/2-1/2

[Event "Ladies"]
[Site "Hasselbacken SWE"]
[Date "2001.08.02"]
[Round "6"]
[White "Kludacz,M"]
[Black "Horn,E"]
[Result "1-0"]
[WhiteElo "2195"]
[BlackElo "2012"]

1.d4 d5 2.c4 c6 3.Nf3 Nf6 4.Qc2 dxc4 5.Qxc4 Bf5 6.g3 e6 7.Bg2 Be7 8.O-O O-O
9.Nc3 Nbd7 10.Re1 Ne4 11.Qb3 Qb6 12.Nh4 Qxb3 13.axb3 Bxh4 14.gxh4 Ndf6 15.f3 Nxc3
16.bxc3 a5 17.e4 Bg6 18.Bf4 Rfc8 19.c4 b6 20.Ra2 Nd7 21.Rea1 c5 22.d5 e5
23.Bh3 Rc7 24.Bxd7 Rxd7 25.Bxe5 f5 26.exf5 Bxf5 27.Kf2 g6 28.h5 gxh5 29.Rg1+ Bg6
30.f4 Rf8 31.Ke3 Rf5 32.Rag2 Kf8 33.d6 Kf7 34.Ke4 Rd8 35.Kd5 Ke8 36.Kc6 Rf7
37.Kxb6 Rc8 38.Rg5 Kd7 39.f5 Bxf5 40.Rg7 Bg6 41.R1xg6  1-0

[Event "MTO"]
[Site "Biel SUI"]
[Date "2001.08.03"]
[Round "11"]
[White "Rufener,M"]
[Black "Robert,A"]
[Result "1-0"]
[WhiteElo "2194"]
[BlackElo "2262"]

1.d4 d5 2.c4 c6 3.Nf3 dxc4 4.a4 b5 5.e3 e6 6.axb5 cxb5 7.b3 Bb4+ 8.Bd2 Bxd2+
9.Nbxd2 a5 10.bxc4 b4 11.c5 Nf6 12.Bb5+ Bd7 13.Qa4 O-O 14.Ne5 Bxb5 15.Qxb5 Nd5
16.O-O Nc3 17.Qb7 Qd5 18.c6 Ra6 19.Ndc4 f6 20.e4 Nxe4 21.Ne3 Qd6 22.c7 fxe5
23.Nc4 Qxd4 24.cxb8=Q Nxf2 25.Qxf8+  1-0

[Event "Nordic Championships"]
[Site "Bergen NOR"]
[Date "2001.08.04"]
[Round "1"]
[White "Andersen,P"]
[Black "Hersvik,D"]
[Result "1-0"]
[WhiteElo "2041"]
[BlackElo "2241"]

1.d4 d5 2.c4 c6 3.Nf3 Nf6 4.g3 dxc4 5.Bg2 Bf5 6.Nbd2 Qa5 7.O-O Qa6 8.Ne5 Be6
9.Qc2 c3 10.Nb3 cxb2 11.Bxb2 Nbd7 12.Nxd7 Nxd7 13.e4 Bxb3 14.axb3 Qb6 15.d5 Qc5
16.Qd2 e5 17.dxe6 fxe6 18.Bh3 Ne5 19.Qe2 Bd6 20.Ba3 Qxa3 21.Rxa3 Bxa3 22.Qh5+ Nf7
23.Bxe6 O-O 24.Rd1 Rae8 25.Bxf7+ Rxf7 26.Qa5 Bf8 27.e5 b6 28.Qc3 Bc5 29.Rd2 Ref8
30.Qc4 Kh8 31.b4 Bxf2+ 32.Kg2 Be3 33.Qxf7  1-0

[Event "Mipap Cup"]
[Site "Olomouc CZE"]
[Date "2001.08.05"]
[Round "5"]
[White "Tolstikh,N"]
[Black "Tokmachev,M"]
[Result "1-0"]
[WhiteElo "2436"]
[BlackElo "2313"]

1.Nf3 d5 2.d4 c6 3.c4 Nf6 4.Qb3 dxc4 5.Qxc4 Bf5 6.g3 Nbd7 7.Bg2 e6 8.O-O Be7
9.Nc3 O-O 10.e3 Ne4 11.Rd1 Nb6 12.Qb3 Nxc3 13.bxc3 Be4 14.Ne5 Bxg2 15.Kxg2 Qc7
16.a4 Nd7 17.Nxd7 Qxd7 18.c4 b6 19.e4 h6 20.Be3 Rab8 21.Rab1 Rfc8 22.Bf4 Bd6
23.Be3 Bc7 24.Rd2 Rd8 25.Qd1 Qe7 26.Rb3 Bd6 27.Qb1 Bc7 28.f4 Qe8 29.Ra2 Qd7
30.Qf1 Re8 31.Qf3 a6 32.Bf2 b5 33.axb5 axb5 34.Qc3 Ra8 35.Rba3 Rxa3 36.Rxa3 Rb8
37.cxb5 cxb5 38.Ra7 Rc8 39.Qc5 f5 40.exf5 exf5 41.Rb7 b4 42.Qxb4 Qd5+ 43.Kh3 g5
44.Qb3 g4+ 45.Kh4 Qxb3 46.Rxb3 Kf7 47.Kh5 Bd6 48.d5 Rc2 49.Rb7+ Ke8 50.Bg1 Rc1
51.Bd4 Rd1 52.Bf6 Rxd5 53.Kxh6 Bc5 54.Kg6 Bg1 55.Re7+ Kf8 56.Re1 Bxh2 57.Bg7+  1-0

[Event "Valoz Cup"]
[Site "Olomouc CZE"]
[Date "2001.08.07"]
[Round "9"]
[White "Jirka,J"]
[Black "Estremera Panos,S"]
[Result "1-0"]
[WhiteElo "2292"]
[BlackElo "2401"]

1.d4 d5 2.Nf3 Nf6 3.g3 c6 4.c4 Bf5 5.Nc3 e6 6.Qb3 Qb6 7.c5 Qc7 8.Bf4 Qc8
9.Nh4 Bg6 10.f3 Nbd7 11.e4 Be7 12.Bd6 Bxd6 13.cxd6 dxe4 14.Nxg6 hxg6 15.fxe4 e5
16.O-O-O exd4 17.Rxd4 Ne5 18.h4 Qg4 19.Bh3 Qf3 20.d7+ Nfxd7 21.Bxd7+ Nxd7
22.Rhd1 Nc5 23.Qc4 Qe3+ 24.Kc2 Ne6 25.Rd7 Qc5 26.Qb3 O-O 27.Qxb7 Rfb8 28.Qa6 Rb6
29.Qf1 Rf8 30.R1d2 Qb4 31.Kc1 Nc5 32.Rxa7 Nxe4 33.Ra4 Qxc3+ 34.bxc3 Rb1+
35.Kc2 Rxf1 36.Rxe4 Ra8 37.Kb3 Rb1+ 38.Rb2 Rg1 39.Re3  1-0

[Event "ch-AUT women"]
[Site "Mureck AUT"]
[Date "2001.08.08"]
[Round "2"]
[White "Horvath,Maria"]
[Black "Sommer,S"]
[Result "0-1"]
[WhiteElo "2053"]
[BlackElo "2043"]

1.d4 Nf6 2.Nf3 d5 3.c4 c6 4.Qc2 g6 5.e3 Bg7 6.Bd3 O-O 7.b3 Nbd7 8.Bb2 b6
9.O-O Bb7 10.Nc3 Rc8 11.e4 dxe4 12.Nxe4 Nxe4 13.Bxe4 Nf6 14.Bd3 Qc7 15.Qe2 Rfe8
16.Ne5 c5 17.dxc5 Qxc5 18.Rfe1 Rcd8 19.Rad1 Nh5 20.Qg4 Rd6 21.Bf1 Red8 22.Nd3 Rxd3
23.Rxd3 Rxd3 24.Bxg7 Rd2 25.Qh4 Kxg7 26.Be2 Qe5 27.f4 Qe3+ 28.Kf1 Bxg2+ 29.Kxg2 Rxe2+  0-1

[Event "Pricenet Cup"]
[Site "Olomouc CZE"]
[Date "2001.08.08"]
[Round "10"]
[White "Tibensky,R"]
[Black "Andres Gonzalez,A"]
[Result "1/2-1/2"]
[WhiteElo "2451"]
[BlackElo "2407"]

1.d4 Nf6 2.Nf3 d5 3.c4 c6 4.Qb3 dxc4 5.Qxc4 Bf5 6.Nc3 Nbd7 7.g3 e6 8.Bg2 Be7
9.O-O Ne4 10.e3 Nxc3 11.bxc3 Be4 12.Qe2 c5 13.Rd1  1/2-1/2

[Event "Kochan Mem Open"]
[Site "Koszalin POL"]
[Date "2001.08.14"]
[Round "10"]
[White "Olenderek,T"]
[Black "Baran,Pa"]
[Result "1-0"]
[WhiteElo "2226"]
[BlackElo "2099"]

1.d4 d5 2.Nf3 Nf6 3.c4 c6 4.Qc2 g6 5.Bf4 Bf5 6.Qb3 Qc8 7.e3 Bg7 8.Nc3 dxc4
9.Bxc4 O-O 10.Rc1 Nbd7 11.Ng5 e6 12.e4 Bg4 13.h3 h6 14.Nxf7 Rxf7 15.hxg4 Nf8
16.Bxh6 Bxh6 17.Rxh6 Nxg4 18.Rh4 Nxf2 19.Ne2 Qd8 20.Qg3 b5 21.Bxe6 Nxe6 22.Qxg6+ Ng7
23.Qh7+ Kf8 24.Rxc6 Ke7 25.Qg6 Qd7 26.Qg5+ Ke8 27.Rh8+ Rf8 28.Qg6+ Qf7 29.Rxf8+ Kxf8
30.Rf6  1-0